Full Committee Hearings on H.R. 1366, S. 321 : hearings before the United States House Committee on Armed Services, Eightieth Congress, first session, on Mar. 4, 1947.

Committee Serial No. 69. Considers legislation relating to the procurement of supplies and services by the War and Navy Departments and the increase of pay of service academies cadets and midshipmen.

Bibliographic Details
Corporate Authors: United States. Congress. House. Committee on Armed Services, ProQuest (Firm)
Format: Government Document eBook
Language:English
Published: Washington : U.S. G.P.O., 1947.
Series:U.S. Congressional Hearings.
Subjects:
Online Access:Connect to the full text of this electronic book

MARC

Tag First Indicator Second Indicator Subfields
LEADER 00000cam a22000001a 4500
001 in00003175821
006 m d f
007 cr bn mmmapmmp
008 090617s1947 dcu o f000 0 eng d
005 20260504161832.5
035 |a cis2007418077 
040 |a UMI  |c UMI  |d UtOrBLW 
043 |a n-us--- 
086 0 |a Y 4.Ar 5/2 a:947-48/69 
099 |a HRG-1947-ASH-0026 
110 1 |a United States.  |b Congress.  |b House.  |b Committee on Armed Services. 
245 1 0 |a Full Committee Hearings on H.R. 1366, S. 321 :  |b hearings before the United States House Committee on Armed Services, Eightieth Congress, first session, on Mar. 4, 1947. 
264 1 |a Washington :  |b U.S. G.P.O.,  |c 1947. 
300 |a 1 online resource. 
336 |a text  |b txt  |2 rdacontent 
337 |a computer  |b c  |2 rdamedia 
338 |a online resource  |b cr  |2 rdacarrier 
500 |a Record is based on bibliographic data in ProQuest Congressional Hearings Digital Collection. Reuse except for individual research requires license from ProQuest, LLC. 
520 |a Committee Serial No. 69. Considers legislation relating to the procurement of supplies and services by the War and Navy Departments and the increase of pay of service academies cadets and midshipmen. 
520 |a Considers (80) H.R. 1366, (80) S. 321. 
538 |a System requirements: PDF reader software. 
500 |a Electronic resource. 
650 0 |a Midshipmen  |z United States  |x Pay, allowances, etc.  |x Law and legislation. 
650 0 |a Military cadets  |z United States  |x Pay, allowances, etc.  |x Law and legislation. 
651 0 |a United States  |x Armed Forces  |x Procurement. 
655 7 |a Electronic books.  |2 local 
710 2 |a ProQuest (Firm) 
776 0 8 |i Print version:  |a United States. Congress. House. Committee on Armed Services.  |t Full Committee Hearings on H.R. 1366, S. 321 
776 0 8 |i Microfiche version:  |a United States. Congress. House. Committee on Armed Services.  |t Full Committee Hearings on H.R. 1366, S. 321.  |d [Bethesda, Md.] : ProQuest,[2004]  |o CIS Hrgs MF Gp 3--(80) H1172-0.69  |w (ProQuest)cis10501053 
830 0 |a U.S. Congressional Hearings. 
856 4 0 |u http://proxy.library.tamu.edu/login?url=https://congressional.proquest.com/congcomp/getdoc?HEARING-ID=HRG-1947-ASH-0026  |z Connect to the full text of this electronic book  |t 0 
998 |a cis10501053 
999 |a MARS 
999 f f |s c3305078-dbeb-378c-8012-8fc3dd1700e5  |i 23692d0a-d061-3498-852b-2fb5fbe110c2  |t 0 
952 f f |a Texas A&M University  |b College Station  |c Electronic Resources  |s www_evans  |d Available Online  |t 0  |e HRG-1947-ASH-0026  |h Other scheme 
998 f f |a HRG-1947-ASH-0026  |t 0  |l Available Online